Западноевропейская скульптура в Эрмитаже (Запис номер 210125)
[ съкратено ]
| 000 -Лидер | |
|---|---|
| Контролно поле с фиксирана дължина | 01775nkm a2200361 c 4500 |
| 003 - Код на организацията, давaща контролен номер | |
| Контролно поле | BLK |
| 005 - Дата и час на последна редакция | |
| Контролно поле | 20180421002020.0 |
| 008 - Елементи от данни с фиксирана дължина | |
| fixed length control field | 180412b bul rap|r|||| r0| ||bulo| |
| 010 ## - Наследен системен номер | |
| LC control number | KNG00162378000 |
| 040 ## - Източник на каталожния запис | |
| Идентификатор на билиотеката - собственик на записа | BLK |
| 041 ## - Код за език | |
| Код за езика на текст/звукозапис или на отделно заглавие | Руски |
| Код за езика КДБФ | Руски |
| Други езици | Френски |
| 080 ## - УДК | |
| Текстов определител УДК | Скулптура. Общи въпроси |
| УДК код - определител по УДК | 730 |
| УДК определител | |
| УДК - код + определител | 730 |
| 080 ## - УДК | |
| Текстов определител УДК | Музеи. Сбирки. Галерии. Постоянни изложби. Музеология Лит. върху спец.(отраслеви) музеи се класиф. в съответните отдели със съотношение, също и в 069.02 |
| УДК код - определител по УДК | 069 |
| УДК определител | :730 |
| УДК - код + определител | 069:730 |
| 139 ## - Редно поле | |
| Редна дума | Зарецкая, Зинаида Владимировна и др. |
| Авторски знак | Зар - З 34 |
| 245 10 - Сведения за заглавието | |
| Заглавие | Западноевропейская скульптура в Эрмитаже |
| Редно поле (дума) | состав. Зинаида Владимировна Зарецкая; состав. Нина Константиновна Косарева. |
| 246 11 - Различни форми на заглавието | |
| Паралелно заглавие | La sculpture de l'Europe occidentale a l'Ermitage |
| 257 ## - Страна на издаване | |
| Страна на създаване/издаване | СССР |
| 260 ## - Област на издателските данни | |
| -- | Ленинград |
| Име на издателя, разпространителя и проч. | Аврора |
| Година на издаване | 1975 |
| 300 ## - Физическа характеристика | |
| Страници | 40 с., 176 с. |
| Илюстрации и др. | с ил. |
| Размери/Мащаб | 28 см |
| 380 ## - Жанр | |
| Жанр | Изкуство |
| 500 ## - Общи забележки | |
| Забележка | Списък на репрод. |
| 650 #4 - Допълнително описание по предмет – тема | |
| Основно описание – тема или топоним | Скулптура |
| 9 (RLIN) | 171073 |
| 653 ## - Ключова дума – ненормативна | |
| Ключова дума | скулптура |
| 653 ## - Ключова дума – ненормативна | |
| Ключова дума | Западна Европа |
| 653 ## - Ключова дума – ненормативна | |
| Ключова дума | Ермитаж |
| 700 1# - Други автори (авторска отговорност) | |
| Лично име | Зарецкая, Зинаида Владимировна |
| Автороска отговорност (Описва отношението между автора и произведението) | состав. |
| 9 (RLIN) | 69099 |
| 700 1# - Други автори (авторска отговорност) | |
| Лично име | Косарева, Нина Константиновна |
| Автороска отговорност (Описва отношението между автора и произведението) | состав. |
| 9 (RLIN) | 82655 |
| 852 ## - Местоположение | |
| Форматна сигнатура | Цб Гр А ІІ 2186 |
| 856 4# - Електронен адрес и достъп | |
| Електронен формат | pdf - файл |
| Път до файла /url/ | |
| 856 4# - Електронен адрес и достъп | |
| Електронен формат | pdf - файл |
| Път до файла /url/ | |
| 942 ## - АРТИКУЛИ | |
| Вид на библиотечния материал | Графични издания |
| Скрит в OPAC | Не |
| 944 ## - СЪЗДАВАНЕ И РЕДАКЦИЯ на ЗАПИСА | |
| Създаване/Редакция | Създаване |
| Дата на регистрацията/редакция | 19.06.2014 |
| Статус, дата на статуса | 19.06.2014 - от С1,Р / 19.06.2014 |
| Служител, извършил регистрацията/редакцията | Камелия_Данева |
| 944 ## - СЪЗДАВАНЕ И РЕДАКЦИЯ на ЗАПИСА | |
| Създаване/Редакция | Редакция |
| Дата на регистрацията/редакция | 19.06.2014 |
| Статус, дата на статуса | 19.06.2014 - от С1,Р / 19.06.2014 |
| Служител, извършил регистрацията/редакцията | |
| 999 ## - СИСТЕМНИ КОНТРОЛНИ НОМЕРА | |
| Koha biblionumber | 210125 |
| Koha biblioitemnumber | 210125 |
| Код за отписване | Код за изгубен артикул | Източник на класификационната схема | Код за повреда | Коз за рестрикции | Код за отдаване | Артикулен № | Име на библиотеката - собственик | Име на библиотеката, в която се намира в момента | Статус (Текущо местоположение) | Дата на вписване в системата | Местоположение - отдел | Цена в лева | Инвентарен номер | Систематично азбучна сигнатура | Баркод | Номер на екземпляра | Цена в евро | Служебна бележка | Служебен тип на артикула |
|---|---|---|---|---|---|---|---|---|---|---|---|---|---|---|---|---|---|---|---|
| Не е изгубен | Universal Decimal Classification | Не е повреден | без рестрикции | заемане за дома | 361622 | Регионална библиотека "Любен Каравелов" Русе | Регионална библиотека "Любен Каравелов" Русе | Отдел Изкуство - подръчен фонд | 1975-01-01 | Отдел Изкуство - подръчен фонд | 9.02 | 204713 | 730/З 34 | 120000204713 | 1 | 4.61 | Дост: Pk Вид: Ф N: стар фонд Дата: 01.01.1975 Дата инв: 03.06.2015 Бележки инв: ГрИ2015 | Графични издания |